<?xml version="1.0" encoding="UTF-8"?>
<record
    xmlns:xsi="http://www.w3.org/2001/XMLSchema-instance"
    xsi:schemaLocation="http://www.loc.gov/MARC21/slim http://www.loc.gov/standards/marcxml/schema/MARC21slim.xsd"
    xmlns="http://www.loc.gov/MARC21/slim">

  <leader>     nam a22        4500</leader>
  <datafield tag="999" ind1=" " ind2=" ">
    <subfield code="c">87536</subfield>
    <subfield code="d">87328</subfield>
  </datafield>
  <controlfield tag="005">20230818130025.0</controlfield>
  <controlfield tag="008">230818b        xxu||||| |||| 00| 0 eng d0</controlfield>
  <datafield tag="020" ind1=" " ind2=" ">
    <subfield code="a">\a 9781842771132</subfield>
  </datafield>
  <datafield tag="040" ind1=" " ind2=" ">
    <subfield code="a">\a NG-ZaABU</subfield>
    <subfield code="c">\c NG-ZaABU</subfield>
    <subfield code="d">\d NG-ZaABU</subfield>
  </datafield>
  <datafield tag="050" ind1=" " ind2=" ">
    <subfield code="a">\a JF1525.I 6 Tod</subfield>
    <subfield code="b">\b 498002</subfield>
  </datafield>
  <datafield tag="100" ind1=" " ind2=" ">
    <subfield code="9">7299</subfield>
    <subfield code="a">a Todd, Paul</subfield>
  </datafield>
  <datafield tag="245" ind1=" " ind2=" ">
    <subfield code="a">\a Global Intelligence:</subfield>
    <subfield code="b">\b The World's Secret Services Today</subfield>
    <subfield code="c">\c by Paul Todd &amp; Jonathan Bloch</subfield>
    <subfield code="h">\h [Text]</subfield>
  </datafield>
  <datafield tag="260" ind1=" " ind2=" ">
    <subfield code="a">\a Dhaka:</subfield>
    <subfield code="b">\b Published by the University Press Ltd.,</subfield>
    <subfield code="c">\c 2003.</subfield>
  </datafield>
  <datafield tag="300" ind1=" " ind2=" ">
    <subfield code="a">\a xi,240p.</subfield>
  </datafield>
  <datafield tag="500" ind1=" " ind2=" ">
    <subfield code="a">\a Includes index</subfield>
  </datafield>
  <datafield tag="504" ind1=" " ind2=" ">
    <subfield code="a">\a Includes bibliographical reference</subfield>
  </datafield>
  <datafield tag="852" ind1=" " ind2=" ">
    <subfield code="a">\a K.I.L.</subfield>
    <subfield code="c">\c Book Reserve Unit</subfield>
    <subfield code="p">\p 498002</subfield>
  </datafield>
  <datafield tag="942" ind1=" " ind2=" ">
    <subfield code="2">lcc</subfield>
    <subfield code="c">BK</subfield>
    <subfield code="h">\h 1525.5 I 6</subfield>
    <subfield code="k">\k JF</subfield>
    <subfield code="m">\m Tod</subfield>
  </datafield>
  <datafield tag="952" ind1=" " ind2=" ">
    <subfield code="0">0</subfield>
    <subfield code="1">0</subfield>
    <subfield code="2">lcc</subfield>
    <subfield code="4">0</subfield>
    <subfield code="7">0</subfield>
    <subfield code="a">KIL</subfield>
    <subfield code="b">KIL</subfield>
    <subfield code="c">RES</subfield>
    <subfield code="d">2023-08-18</subfield>
    <subfield code="l">0</subfield>
    <subfield code="o">\o JF1525.I 6 Tod</subfield>
    <subfield code="p">\p 30005103022086</subfield>
    <subfield code="r">2023-08-18 00:00:00</subfield>
    <subfield code="t">\t 498002</subfield>
    <subfield code="w">2023-08-18</subfield>
    <subfield code="y">BK</subfield>
  </datafield>
</record>
